Ekonomický rast par excellence

Gespeichert in:
Bibliographische Detailangaben
1. Verfasser: Morvay, Karol, 1973-
Format: Buchkapitel
Sprache:Slowakisch
Tags: Tag hinzufügen
Keine Tags, Fügen Sie das erste Tag hinzu!

MARC

LEADER 00000nla$a2200000$$$4500
001 0057340
005 20240502071639.7
041 0 |a slo 
044 |a SK 
245 1 0 |a Ekonomický rast par excellence  |c Karol Morvay 
100 1 |a Morvay, Karol, 1973-